| 000 | 01046am a2200349a 44500 | ||
|---|---|---|---|
| 003 | AR-BaBNM | ||
| 005 | 20251128205350.0 | ||
| 008 | 197019s1995 #AR|||||||||||000 | esp|| | ||
| 020 | _a84-7774-106-9 | ||
| 040 | _cAR-BaBNM | ||
| 100 | 1 | _aDe la Garza, María Teresa | |
| 245 | 1 | 0 |
_aEducación y democracia _baplicación de la teoría de la comunicación a la construcción del conocimiento en el aula |
| 260 |
_aMadrid _bVisor _c1995 |
||
| 300 | _a126 p. | ||
| 490 | 0 |
_aAprendizaje _vv. 106 |
|
| 504 | _aBibliografía: p. 123-126 | ||
| 600 | 1 | 4 | _aHabermas, Jürgen |
| 600 | 1 | 4 | _aPierce, Charles |
| 600 | 1 | 4 | _aRoyce, Josiah |
| 600 | 1 | 4 | _aMead, George Herbert |
| 600 | 1 | 4 | _aLipman, Matthew |
| 650 | 4 | _aFILOSOFIA DE LA EDUCACION | |
| 650 | 4 | _aTEORIA DE LA COMUNICACION | |
| 650 | 4 | _aCOMUNICACION | |
| 650 | 4 | _aINVESTIGACION EN LA COMUNICACION | |
| 650 | 4 | _aDEMOCRACIA | |
| 653 | _aINVESTIGACION EDUCATIVA | ||
| 800 | 1 |
_aAlvarez, Amelia _edirector |
|
| 800 | 1 |
_aDel Río, Pablo _edirector |
|
| 942 | _cBK | ||
| 998 | _csilvi | ||
| 999 |
_c11113 _d11113 |
||